000 00607nam a2200241Ia 4500
003 OSt
005 20221005050650.0
006 a|||||r|||| 00| 0
007 ta
008 221004b |||||||| |||| 00| 0 eng d
024 _a65176
037 _cTextual
040 _aCRL
_cCRL
_beng
041 _2eng
_aeng
082 _aV2:24:N5, H6
100 _aDar Bashir Ahmad
_976489
245 0 _aWhy Pakistan
260 _aLahore
_bNew Era Pakistan
_c1946
300 _a168p.
_ccm.
650 _aHISTORY
942 _hV2:24:N5, H6
_cTEXL
_2cc
999 _c957477
_d957477